000
00292nam a22001337a 4500
008
180109b xxu||||| |||| 00| 0 eng d
020
_a
9780312482848
041
_a
eng
080
_2
3 ED
_a
37
100
_a
46
101
_a
EDU
245
_a
REAL ESSAYS
_c
GALLAGHER.E.S
942
_2
udc
_c
BK
999
_c
39841
_d
39841